000 02603nam0a2200385 4500
001 RU\NLR\BIBL_A\012215634
005 20260408063031.0
035 _a(NLR Aleph) 012215634
090 _a10905124
_c10905124
100 _a20190624d1899 |||y0rusy50 ca
101 0 _arus
102 _aRU
105 _ay z 000zy
200 1 _aОб ассигновании кредита на увеличение личного состава и хозяйственных средств Главного Управления Почт и Телеграфов и местных учреждений почтово-телеграфного ведомства
_eв Государственный Совет
_fМинистерство Внутренних Дел. Главное управление почт и телеграфов. Отделение I. Стол 1. 12 июля 1899 г. № 625
210 _a[Санкт-Петербург
_cб. и.]
_d1899
215 _a4 с.
_d34
300 _aВ конце текста: Подписал: Министр Внутренних Дел Горемыкин; Скрепил: Начальник Главного Управления, Генерального Штаба Генерал-Лейтенант Петров
309 _aБез тит. л. и обл.
601 0 1 _aРоссия
_bСоединенные Департаменты государственной экономии и законов
_jДокументы и материалы
_92414113
_3RU\NLR\AUTH\6601657156
606 1 _aПочтовая связь
_jДокументы и материалы
_xИстория
_yРоссия
_92255999
_3RU\NLR\AUTH\6601583120
686 3 _aХ2(2)5-523,011
686 3 _aУ03(2)53-212.11,011
686 3 _aУ38(28)5,011
702 1 _4720
_8rus
_7ca
_aГоремыкин
_bИ. Л.
_cгос. деятель
_f1839-1917
_gИван Логгинович
_3RU\NLR\AUTH\7782675
_965603
702 1 _4720
_7ca
_8rus
_aПетров
_bН. И.
_cгос. и воен. деятель
_f1841-1905
_gНиколай Иванович
_9216870
_3RU\NLR\AUTH\770216926
711 0 1 _aРоссия
_bГлавное управление почт и телеграфов
_3RU\NLR\AUTH\889927044
_9349754
711 0 1 _aРоссия
_bМинистерство внутренних дел
_3RU\NLR\AUTH\8810033038
_9564612
711 0 1 _aРоссия
_bГосударственный совет
_3RU\NLR\AUTH\889948587
_9392796
852 _aNLR
_j135/294-343 (22)
942 _cBOOK
980 _aNB